00195nam a2200073Ia 4500008004100000082000800041100001800049245005400067240331s9999 xx 000 0 und d bRIC aRichardson, J 0aPoorin Padippinaikal - 3 :bNambikkaiyin Malarchi